01495nam a22003017a 4500003000400000005001700004008004100021040001100062082001400073100003400087245001400121260012900135300002300264490002600287505026200313505014900575505003500724505002800759505002900787505002200816650004500838650004400883650005500927650004400982942002501026999001501051952012701066OSt20230516095855.0230516b |||||||| |||| 00| 0 eng d cLado V 2708aK82f 9826aKontova, Helenaeeditora aFlashArt/ aAustraliaaAustriaaBelgicaaCanadaaFranciaaAlemaniaaGran BretañaaHolandaaItaliaaEspañaaIrlandabGEA POLITIc2002 a128p.c20.5x27.5cm a225vXXXIVx0394-1493 aFlash Art NewstNY Contemporary Auctions Niki de Saint Phalle Summer Book Report At the Galleries Sandretto Re Rebaudengo New Space Art Forum Berlin 2002 MoMa QNS Opens Cityscape San Jose Theory: Art and Catastrophe Group Shows Aperto South Africa aFeaturestIntermission 1 Pierre Huyghe Hunting Men Focus Mexico Matthew Barney Javier Tellez Tania Bruguera Santiago Sierra Documenta XI aGlobal ArtrKatarzyna Kozyra  aOuverturesrDaniel Roth aSpotlightstManifiesta 4 aFlash Art Reviews 2Tesauro de Arte & ArquitecturaaCATALOGO 2Tesauro de Arte & ArquitecturaaREVISTA 2Tesauro de Arte & ArquitecturaaARTE INTERNACIONAL 2Tesauro de Arte & ArquitecturaaCRITICA 2ddcc1h708iK82fn0 c3562d3562 00102ddc3XXXIV40708RevistasaLVbLVd2023-05-16h225i002992l0o708 K82fp002992r2023-05-16 00:00:00w2023-05-16y1